| 000 | 00753nam a22002177a 4500 | ||
|---|---|---|---|
| 003 | 0 | ||
| 005 | 20250120163315.0 | ||
| 008 | 250120b xxu||||| |||| 00| 0 eng d | ||
| 020 | _a978-1-350-25583-8 | ||
| 050 |
_aNC 997 _b.C56 2024 |
||
| 100 | _aCinelli, Mia | ||
| 245 |
_aGiving type meaning _bcontext and craft in typography _cMia Cinelli |
||
| 260 |
_aLondon _bBloomsbury Visual Arts _c2024 |
||
| 300 |
_aix, 213 pages : _billustrations ; _c25cm. |
||
| 504 | _aIncludes bibliographical references and index. | ||
| 650 | _aGraphic design—Typography applications. | ||
| 650 | _aCommunication—Symbolism in typography. | ||
| 650 | _aTypography—Theory and aesthetics. | ||
| 650 | _aType design—History and development. | ||
| 942 |
_2lcc _cBK |
||
| 999 |
_c367031 _d367031 |
||